000 01144nam a2200337 a 4500
001 66421
003 BD-RjUL
005 20211209081536.0
008 170316s1985 nyu b 001 0 eng d
020 _a0465034039
_c$22.95
035 _a(BD-RjUL)
040 _aDNLM/DLC
_cDLC
_dDLC
_dBD-RjUL
_beng
041 _aeng
060 _aWS 350.5 S839i
082 0 0 _223
_a155.422
_bSTI 1985
100 1 _aStern, Daniel N.
_9196552
245 1 4 _aThe interpersonal world of the infant :
_ba view from psychoanalysis and developmental psychology /
_cDaniel N. Stern.
260 _aNew York :
_bBasic Books,
_cc1985.
300 _ax, 304 p. ;
_c24 cm.
504 _aIncludes Index and Bibliography.
650 0 _aInfant
_9196553
650 0 _aPsychoanalysis.
_9196554
650 0 _aDevelopmental psychology.
_9196555
650 2 _aChild Development.
_9196556
650 2 _aChild Psychology.
_9196557
650 2 _aInfant.
_9196558
650 2 _aPsychoanalysis
_xin infancy & childhood.
_9196559
856 4 2 _3Publisher description
_uhttp://www.loc.gov/catdir/enhancements/fy0830/85047553-d.html
942 _2ddc
_cBK
999 _c66421
_d66421